[Event "BAN-chT2"]
[Site "Dhaka"]
[Date "2022.07.18"]
[Round "1.1"]
[White "Pacheco Antolinez, Kilver Alexander"]
[Black "Tahmidul, Haque"]
[Result "1-0"]
[WhiteElo "1600"]
[BlackElo "1857"]
[PlyCount "91"]
[EventDate "2022.07.18"]
[EventType "team-swiss"]
[EventRounds "9"]
[EventCountry "BAN"]
[SourceTitle "EXT 2023"]
[Source "ChessBase"]
[SourceDate "2022.10.05"]
[SourceVersion "1"]
[SourceVersionDate "2022.10.05"]
[SourceQuality "1"]
[WhiteTeam "Dabar Troyi Agrojo Red"]
[BlackTeam "Hamid Sports Academy"]
[WhiteTeamCountry "BAN"]
[BlackTeamCountry "BAN"]

1. e4 e5 2. Nf3 Nc6 3. Bc4 Be7 4. 0-0 Nf6 5. Re1 0-0 6. d4 d6 7. dxe5 Ng4 8. exd6 cxd6 9. Nc3 Nce5 10. Nxe5 Nxe5 11. Bb3 Bg5 12. f4 Bg4 13. Qd2 Bh6 14. Qf2 Nc6 15. Nd5 Bd7 16. Bd2 Na5 17. Bb4 Bc6 18. Red1 Nxb3 19. axb3 Bxd5 20. Rxd5 Qf6 21. Bxd6 Rfd8 22. Be5 Qe7 23. Rad1 Rxd5 24. exd5 f6 25. d6 Qd7 26. Bc3 Qg4 27. Rd4 Rd8 28. f5 Qh5 29. h4 Qe8 30. Rd3 Rxd6 31. Qe1 Qxe1+ 32. Bxe1 Rxd3 33. cxd3 Be3+ 34. Bf2 Bxf2+ 35. Kxf2 Kf7 36. Ke3 Ke7 37. Kd4 Kd6 38. b4 b6 39. b5 Kc7 40. Kd5 Kd7 41. d4 g6 42. g4 gxf5 43. gxf5 Ke7 44. Kc6 h5 45. Kc7 Ke8 46. d5 1-0